[Event "Tilburg"]
[Site "Tilburg"]
[Date "1992.??.??"]
[Round "2"]
[White "Kengis, Edvins"]
[Black "Gurevich, Mikhail"]
[Result "1-0"]
[WhiteElo "2590"]
[BlackElo "2625"]
[PlyCount "89"]
[EventDate "1992.10.??"]
[Source "ChessBase"]

1. e4 e6 2. d4 d5 3. exd5 exd5 4. Nf3 Nf6 5. Bd3 c5 6. O-O c4 7. Re1+ Be7 8. Bf1 O-O 9. Bg5 Bg4 10. h3 Bxf3 11. Qxf3 Nc6 12. c3 Ne8 13. Bxe7 Nxe7 14. Na3 Nc7 15. Nc2 Qd6 16. g3 Rad8 17. Re2 f5 18. Rae1 Ng6 19. h4 f4 20. h5 fxg3 21. Qxg3 Nf4 22. Re5 Rf7 23. Ne3 Rdf8 24. Nxc4 Qh6 25. Ne3 Nxh5 26. Qg4 Nf6 27. Qg2 Nd7 28. Ng4 Qh4 29. R5e3 Rf4 30. Rg3 Kh8 31. Bd3 h5 32. Ne5 Nxe5 33. Rxe5 Rxf2 34. Qxf2 Rxf2 35. Kxf2 Qh2+ 36. Rg2 Qf4+ 37. Ke2 Qc1 38. Rxh5+ Kg8 39. Rf2 Qxb2+ 40. Kf1 Qc1+ 41. Kg2 g5 42. Bf5 Qxc3 43. Rxg5+ Kf8 44. Bg4+ Ke7 45. Rg7+ 1-0

[Event "Julian Borowski GM"]
[Site "Essen"]
[Date "1999.04.03"]
[Round "7"]
[White "Milov, Vadim"]
[Black "Christiansen, Larry Mark"]
[Result "1/2-1/2"]
[WhiteElo "2633"]
[BlackElo "2581"]
[PlyCount "80"]
[EventDate "1999.03.??"]
[Source "ChessBase"]
[SourceDate "1999.08.01"]

1. d4 e6 2. e4 d5 3. exd5 exd5 4. Nf3 Nf6 5. c4 Bb4+ 6. Nc3 O-O 7. Be2 dxc4 8. Bxc4 c5 9. O-O cxd4 10. Nxd4 Bg4 11. f3 Bh5 12. Be3 Nbd7 13. Nd5 Nxd5 14. Bxd5 Nf6 15. Bb3 Re8 16. Nc2 Bd6 17. Kh1 Ne4 18. Qe1 Nc5 19. Qd2 Nxb3 20. axb3 Bg6 21. Bg1 Bxh2 22. Qxd8 Rexd8 23. Kxh2 Bxc2 24. Bxa7 Bxb3 25. Bb6 Rxa1 26. Rxa1 Re8 27. Ra3 Bc4 28. Re3 Ra8 29. Re7 Bd5 30. Rd7 Bc6 31. Rd8+ Rxd8 32. Bxd8 f6 33. Kg3 Kf7 34. Kf2 h5 35. Bb6 Ke6 36. Ba5 h4 37. Bb6 g5 38. Bd8 Kf5 39. Be7 Kg6 40. Bd8 f5 1/2-1/2

[Event "Open Aeroflot"]
[Site "Mosca RUS"]
[Date "2007.02.16"]
[Round "3"]
[White "Yakovich, Yur"]
[Black "Asrian, K."]
[Result "1/2-1/2"]
[WhiteElo "2577"]
[BlackElo "2634"]
[PlyCount "58"]
[EventDate "2007.02.14"]
[Source "www.chesslib.no"]
[SourceDate "2004.05.04"]

1. d4 e6 2. e4 d5 3. exd5 exd5 4. Nf3 Bg4 5. h3 Bh5 6. Qe2+ Qe7 7. Be3 Nc6 8. Nc3 O-O-O 9. g4 Bg6 10. O-O-O f6 11. a3 Qd7 12. Nd2 f5 13. Nb3 Nf6 14. f3 a6 15. Qd2 Bd6 16. Na4 Rde8 17. Qc3 Nb4 18. Nb6+ Kd8 19. Nxd7 Na2+ 20. Kd2 Nxc3 21. Nxf6 Nxd1 22. Nxe8 Nxe3 23. Nxg7 f4 24. Bd3 Ke7 25. Nc5 Bxc5 26. dxc5 Rg8 27. Nf5+ Bxf5 28. Bxf5 Nxf5 29. gxf5 Kf6 1/2-1/2

[Event "8th GM"]
[Site "Banja Luka BIH"]
[Date "2007.07.28"]
[Round "7"]
[White "Korchnoi, V."]
[Black "Stojanovic, Mih"]
[Result "1-0"]
[WhiteElo "2610"]
[BlackElo "2601"]
[PlyCount "79"]
[EventDate "2007.07.22"]
[Source "www.chesslib.no"]
[SourceDate "2004.05.04"]

1. d4 d5 2. c4 dxc4 3. e3 e5 4. Bxc4 exd4 5. exd4 Bd6 6. Nf3 Nf6 7. O-O O-O 8. Bg5 Nc6 9. Nc3 h6 10. Bh4 Bg4 11. h3 Bxf3 12. Qxf3 Nxd4 13. Qxb7 Nf5 14. Bxf6 Qxf6 15. Rae1 Ng3 16. fxg3 Qd4+ 17. Kh1 Qxc4 18. Qf3 f6 19. b3 Qf7 20. Ne4 Bb4 21. Nxf6+ gxf6 22. Qg4+ Qg7 23. Qxb4 Qxg3 24. Rf3 Qg7 25. Re7 Rf7 26. Qc4 Raf8 27. Rxc7 Kh8 28. Rxf7 Rxf7 29. Qf4 Qg5 30. Qb8+ Kh7 31. Rg3 Qc1+ 32. Kh2 Rg7 33. Rxg7+ Kxg7 34. Qxa7+ Kg6 35. Qb8 f5 36. Qd6+ Kg5 37. Qe7+ Kg6 38. Qe6+ Kg5 39. h4+ Kxh4 40. Qc4+ 1-0

[Event "simul"]
[Site "Zagreb simul"]
[Date "1994.??.??"]
[Round "?"]
[White "Kasparov, Gary"]
[Black "Bukal, Vladimir sr"]
[Result "0-1"]
[WhiteElo "2805"]
[BlackElo "2405"]
[PlyCount "52"]
[EventDate "1994.??.??"]
[Source "www.chesslib.no"]
[SourceDate "2004.05.04"]

1. e4 e6 2. d4 d5 3. exd5 exd5 4. Nf3 Bg4 5. h3 Bh5 6. Qe2+ Qe7 7. Be3 Nc6 8. Nc3 O-O-O 9. O-O-O Qe8 10. g4 Bg6 11. Ne5 Bb4 12. Nxg6 hxg6 13. Qd3 Nge7 14. Ne2 Na5 15. c3 Bd6 16. b3 Ba3+ 17. Kb1 Rd6 18. Nf4 Rb6 19. Bc1 Qa4 20. Bxa3 Qxa3 21. Rd2 Re8 22. Bg2 Nxb3 23. axb3 Rxb3+ 24. Kc2 Nc6 25. Rc1 Qa4 26. Rb1 Qa2+ 0-1

[Event "Deutschland"]
[Site "?"]
[Date "1996.??.??"]
[Round "?"]
[White "Glek, I."]
[Black "Hertneck, G."]
[Result "1-0"]
[WhiteElo "2635"]
[BlackElo "2575"]
[PlyCount "73"]
[EventDate "1996.??.??"]
[Source "ChessBase"]
[SourceDate "1996.02.01"]

1. e4 e6 2. d4 d5 3. Nc3 Bb4 4. exd5 exd5 5. Bd3 Nc6 6. a3 Be7 7. Nce2 Bg5 8. f4 Bh4+ 9. g3 Bf6 10. c3 Nge7 11. Nf3 h5 12. O-O Bf5 13. Ne5 Qc8 14. b4 g6 15. a4 Qe6 16. Ba3 h4 17. b5 Na5 18. Bxe7 Bxe7 19. g4 Bxg4 20. f5 gxf5 21. Qc2 Qh6 22. Nf4 Nc4 23. Nxg4 fxg4 24. Nxd5 Ne3 25. Nxe3 Qxe3+ 26. Kh1 g3 27. Rae1 Qg5 28. Rf5 Qg4 29. Qg2 f6 30. Qxb7 Kf7 31. Rxe7+ Kxe7 32. Qxc7+ Ke8 33. Qc6+ Ke7 34. Qb7+ Ke6 35. d5+ Kd6 36. Rxf6+ Ke5 37. Qe7+ 1-0

[Event "Chebanenco mem 1st"]
[Site "Kishinev"]
[Date "1998.02.13"]
[Round "5"]
[White "Fedorov, Alexei"]
[Black "Aleksandrov, Aleksej"]
[Result "1/2-1/2"]
[WhiteElo "2595"]
[BlackElo "2615"]
[PlyCount "21"]
[EventDate "1998.02.09"]
[Source "ChessBase"]
[SourceDate "1998.06.15"]

1. e4 e6 2. d4 d5 3. exd5 exd5 4. Nf3 Nc6 5. Bf4 Bg4 6. c3 Bd6 7. Bxd6 Qxd6 8. Nbd2 Nge7 9. Be2 Ng6 10. g3 O-O-O 11. O-O 1/2-1/2

[Event "FRA-chT"]
[Site "France"]
[Date "2001.02.04"]
[Round "3.2"]
[White "Winants, Luc"]
[Black "Gurevich, Mikhail"]
[Result "1/2-1/2"]
[WhiteElo "2515"]
[BlackElo "2694"]
[PlyCount "85"]
[EventDate "2001.02.02"]
[Source "ChessBase"]
[SourceDate "2001.07.05"]

1. d4 e6 2. e4 d5 3. Nc3 Nf6 4. exd5 exd5 5. Bg5 Be7 6. Bd3 Nc6 7. Nge2 Be6 8. Qd2 h6 9. Bf4 Qd7 10. f3 Nb4 11. Bb5 c6 12. Ba4 Qd8 13. a3 Na6 14. Nd1 Bf5 15. O-O Nc7 16. c3 Ne6 17. Bg3 Nh5 18. Bf2 Bh7 19. g4 Nf6 20. Bg3 Qa5 21. Bc2 Bxc2 22. Qxc2 h5 23. h3 hxg4 24. hxg4 Qd8 25. Nf2 Bd6 26. Nd3 Bxg3 27. Nxg3 Qc7 28. Kg2 O-O-O 29. Rh1 Nd7 30. Qd2 g6 31. Ne2 Qd6 32. Nef4 Ng5 33. Rae1 f5 34. gxf5 gxf5 35. Qe3 Rdg8 36. Rxh8 Rxh8 37. Rh1 Rxh1 38. Kxh1 Qf8 39. Kg2 Qg8 40. Kf2 Qh8 41. Kg2 Qg8 42. Kf2 Qh8 43. Kg2 1/2-1/2

[Event "Mind Sports Games - Blitz Ind"]
[Site "Pechino CINA"]
[Date "2008.10.04"]
[Round "11"]
[White "Kryvoruchko, Y."]
[Black "Sandipan, C."]
[Result "1-0"]
[WhiteElo "2627"]
[BlackElo "2579"]
[PlyCount "135"]
[EventDate "2008.10.04"]
[Source "www.chesslib.no"]
[SourceDate "2004.05.04"]

1. e4 e5 2. Nf3 Nf6 3. Nxe5 d6 4. Nf3 Nxe4 5. d3 Nf6 6. d4 d5 7. Bd3 Bd6 8. Qe2+ Qe7 9. Qxe7+ Bxe7 10. Bf4 Bd6 11. Bxd6 cxd6 12. Nc3 Bd7 13. h3 Kd8 14. O-O-O Bc6 15. Rhe1 Nbd7 16. Ng5 Rf8 17. g4 h6 18. Nf3 Kc7 19. Nh4 g6 20. f3 a6 21. Ng2 b5 22. h4 b4 23. Ne2 a5 24. Ng3 Nb6 25. g5 hxg5 26. hxg5 Nfd7 27. f4 a4 28. Ne3 Rh8 29. Rh1 Rxh1 30. Rxh1 Re8 31. Ng4 Nc4 32. b3 Na3 33. Kd2 Nb5 34. Bxb5 Bxb5 35. Rh7 Re7 36. Nh6 Nf8 37. Rxf7 Rxf7 38. Nxf7 Ne6 39. Ke3 Ng7 40. Nh6 Bd7 41. Kf3 a3 42. Ng4 Bf5 43. Ne3 Kc6 44. Ngxf5 gxf5 45. g6 Kd7 46. Nxd5 Ke6 47. Ne3 Kf6 48. Nd5+ Kxg6 49. Nxb4 Ne6 50. c3 Nc7 51. Nc2 Nb5 52. c4 Nc3 53. Nxa3 Nxa2 54. Nb5 Nc1 55. Nxd6 Nxb3 56. d5 Kf6 57. Ke3 Nc5 58. Kd4 Nb3+ 59. Kc3 Nc5 60. Nb5 Ke7 61. Nd4 Kf6 62. Nb3 Ne4+ 63. Kd4 Ng3 64. c5 Ne2+ 65. Ke3 Nc3 66. d6 Nd5+ 67. Kf3 Nb4 68. Nd4 1-0

[Event "RUS Team Ch"]
[Site "Podolsk RUS"]
[Date "1992.??.??"]
[Round "?"]
[White "Ulibin, Mikhail"]
[Black "Epishin, Vladimir V"]
[Result "1/2-1/2"]
[WhiteElo "2585"]
[BlackElo "2620"]
[PlyCount "29"]
[EventDate "1992.??.??"]
[Source "www.chesslib.no"]
[SourceDate "2004.05.04"]

1. e4 e6 2. d4 d5 3. exd5 exd5 4. Nf3 Nf6 5. Bg5 Be7 6. Bd3 Bg4 7. O-O Nbd7 8. Nbd2 O-O 9. c3 c5 10. dxc5 Nxc5 11. Bc2 Re8 12. Re1 Qb6 13. Qb1 Bxf3 14. Nxf3 Nce4 15. Bxe4 1/2-1/2

[Event "Haifa"]
[Site "Haifa"]
[Date "1996.??.??"]
[Round "7"]
[White "Glek, Igor V"]
[Black "Huzman, Alexander"]
[Result "1/2-1/2"]
[WhiteElo "2635"]
[BlackElo "2570"]
[PlyCount "27"]
[EventDate "1996.06.??"]
[Source "ChessBase"]

1. e4 e6 2. d4 d5 3. Nc3 Bb4 4. exd5 exd5 5. Bd3 c6 6. Nge2 Ne7 7. Ng3 Ng6 8. f4 Qe7+ 9. Kf2 Qh4 10. Re1+ Ne7 11. Kg1 O-O 12. Be3 Nd7 13. Bf2 Qxf4 14. Rxe7 1/2-1/2

[Event "Nordhorn GER"]
[Site "?"]
[Date "2002.09.08"]
[Round "?"]
[White "Van den Doel Erik"]
[Black "Jussupow Artur"]
[Result "0-1"]
[WhiteElo "2593"]
[BlackElo "2612"]
[PlyCount "80"]
[EventDate "2002.??.??"]
[Source "www.chesslib.no"]
[SourceDate "2004.05.04"]

1. e4 e6 2. d4 d5 3. Nc3 Bb4 4. exd5 exd5 5. Bd3 Nc6 6. Nge2 Nf6 7. O-O O-O 8. a3 Be7 9. h3 Be6 10. Be3 Nh5 11. g4 Bd6 12. f4 Qh4 13. Rf3 Bxg4 14. hxg4 Qxg4+ 15. Kf2 Qh4+ 16. Kg2 Qg4+ 17. Ng3 Bxf4 18. Bf5 Qh4 19. Nxh5 Qh2+ 20. Kf1 Bxe3 21. Rxe3 Qh1+ 22. Kf2 Qh2+ 23. Kf1 Qh1+ 24. Kf2 Qh2+ 25. Ke1 Rfe8 26. Nxd5 Rxe3+ 27. Nxe3 Re8 28. Qe2 Qh4+ 29. Kd2 Nxd4 30. Qg2 Qxh5 31. Rh1 Nf3+ 32. Kd3 Nh4 33. Qh3 Rxe3+ 34. Qxe3 Qxf5+ 35. Qe4 Qd7+ 36. Qd4 Qf5+ 37. Qe4 Qd7+ 38. Qd4 Qb5+ 39. c4 Qb3+ 40. Kd2 Nf3+ 0-1

[Event "TCh-ESP"]
[Site "?"]
[Date "2003.05.14"]
[Round "9"]
[White "Gurevich Mikhail"]
[Black "Marin Mihail"]
[Result "1/2-1/2"]
[WhiteElo "2635"]
[BlackElo "2568"]
[PlyCount "26"]
[EventDate "2003.??.??"]
[Source "www.chesslib.no"]
[SourceDate "2004.05.04"]

1. e4 e6 2. d4 d5 3. Nc3 Bb4 4. exd5 exd5 5. Bd3 c5 6. dxc5 Nc6 7. Nge2 Bxc5 8. O-O Nge7 9. Bf4 O-O 10. Qd2 Be6 11. a3 a6 12. Rad1 Qd7 13. Bg3 Rad8 1/2-1/2

[Event "EU-ch 2nd"]
[Site "Ohrid"]
[Date "2001.06.04"]
[Round "4"]
[White "Blatny, Pavel"]
[Black "Nikolic, Predrag"]
[Result "1/2-1/2"]
[WhiteElo "2547"]
[BlackElo "2652"]
[PlyCount "54"]
[EventDate "2001.06.01"]
[Source "ChessBase"]
[SourceDate "2001.09.13"]

1. e4 e6 2. d4 d5 3. exd5 exd5 4. Nf3 Bf5 5. Bd3 Bg6 6. Qe2+ Qe7 7. Ne5 Bxd3 8. Nxd3 Nc6 9. c3 O-O-O 10. Qxe7 Ngxe7 11. O-O Nf5 12. Nd2 f6 13. Re1 Bd6 14. Nf1 Rde8 15. Bf4 Kd7 16. Bxd6 Kxd6 17. f3 Nd8 18. Kf2 b6 19. Rad1 Kd7 20. Nf4 c6 21. Nh5 Rxe1 22. Rxe1 Ne6 23. Nfg3 Nd6 24. Ne2 Nc4 25. b3 Nd6 26. Nef4 Nxf4 27. Nxf4 Re8 1/2-1/2

[Event "Russia (ch)"]
[Site "?"]
[Date "1995.??.??"]
[Round "?"]
[White "Ulybin, M."]
[Black "Bareev, E."]
[Result "0-1"]
[WhiteElo "2545"]
[BlackElo "2650"]
[PlyCount "112"]
[EventDate "1995.??.??"]
[Source "ChessBase"]
[SourceDate "1995.10.01"]

1. e4 e6 2. d4 d5 3. exd5 exd5 4. Nf3 Nf6 5. Bg5 h6 6. Bh4 Be7 7. Bd3 Nh5 8. Bxe7 Qxe7+ 9. Ne5 Nf4 10. O-O O-O 11. Re1 Qg5 12. g3 Nxd3 13. Qxd3 Na6 14. c4 Qf5 15. Qb3 dxc4 16. Qxc4 c6 17. Nc3 Be6 18. d5 cxd5 19. Nxd5 Rfe8 20. Rad1 Rac8 21. Qb5 Bxd5 22. Qxd5 Rc2 23. Qd4 Qf6 24. f4 Nc5 25. Rc1 Rxc1 26. Rxc1 b6 27. b4 Rd8 28. Qe3 Ne6 29. Nc6 Rd5 30. Nxa7 Qb2 31. Rf1 Rd2 32. Rf2 Rxf2 33. Qxf2 Qxb4 34. Nc6 Qb1+ 35. Kg2 Nxf4+ 36. Qxf4 Qc2+ 37. Kh3 Qxc6 38. a4 g5 39. Qd4 Kh7 40. Kg4 Kg6 41. Qd3+ Kg7 42. Qd4+ Qf6 43. Qd2 Qe6+ 44. Kf3 Qc6+ 45. Kf2 Qc5+ 46. Kg2 h5 47. Qd7 g4 48. Qd8 Kg6 49. Qg8+ Kf6 50. Qd8+ Ke5 51. Qb8+ Kd5 52. Qe8 Kd4 53. Kf1 Qc1+ 54. Kf2 Qd2+ 55. Kf1 Qd1+ 56. Kf2 Qf3+ 0-1

[Event "Open"]
[Site "?"]
[Date "2000.05.05"]
[Round "7"]
[White "Ulibin Mikhail"]
[Black "Dolmatov Sergey V"]
[Result "1/2-1/2"]
[WhiteElo "2580"]
[BlackElo "2615"]
[PlyCount "38"]
[EventDate "2000.??.??"]
[Source "www.chesslib.no"]
[SourceDate "2004.05.04"]

1. e4 e6 2. d4 d5 3. exd5 exd5 4. Nf3 Nc6 5. Bb5 Bd6 6. c4 dxc4 7. d5 a6 8. Ba4 b5 9. dxc6 bxa4 10. Qxa4 Ne7 11. O-O O-O 12. Nbd2 c3 13. bxc3 Qe8 14. Nd4 Bb7 15. Nc4 Nxc6 16. Nxd6 cxd6 17. Nf5 Qe5 18. Qf4 Rad8 19. Be3 Bc8 1/2-1/2

[Event "Bastia FRA, Corsica Masters Prelim"]
[Site "?"]
[Date "2005.11.03"]
[Round "1"]
[White "Fressinet Laurent"]
[Black "Malakhatko Vadim"]
[Result "1-0"]
[WhiteElo "2624"]
[BlackElo "2570"]
[PlyCount "105"]
[EventDate "2005.??.??"]
[Source "www.chesslib.no"]
[SourceDate "2004.05.04"]

1. e4 e6 2. d4 d5 3. Nc3 Bb4 4. exd5 exd5 5. Bd3 Nf6 6. Nge2 O-O 7. O-O Bg4 8. f3 Bh5 9. Bg5 c6 10. Nf4 Bg6 11. Nxg6 hxg6 12. f4 Be7 13. Qf3 Nh7 14. Bxe7 Qxe7 15. f5 gxf5 16. Qxf5 g6 17. Qf4 Nd7 18. Rae1 Qf6 19. Qg4 Qd6 20. Ne2 Ndf6 21. Qf4 Qxf4 22. Nxf4 Rfe8 23. c4 Rxe1 24. Rxe1 dxc4 25. Bxc4 Kf8 26. Nd3 Rc8 27. Ne5 Rc7 28. Rf1 Kg7 29. b4 a6 30. a4 Ng5 31. a5 Nge4 32. Rc1 Nd6 33. Bb3 Re7 34. g4 Nb5 35. g5 Ne4 36. Nf3 Rd7 37. Re1 Nec3 38. Re3 Nd5 39. Bxd5 cxd5 40. Re5 Nc3 41. Re8 Na2 42. Ne5 Rc7 43. Ng4 Rc6 44. Nf6 Rxf6 45. gxf6+ Kxf6 46. Rb8 Nxb4 47. Rxb7 Nc2 48. Rb6+ Ke7 49. Rxa6 Kd7 50. Rf6 Nxd4 51. Rxf7+ Kc8 52. a6 Kb8 53. Rd7 1-0

[Event "Olimpiadi 2008 - open"]
[Site "Dresda GER"]
[Date "2008.11.23"]
[Round "10"]
[White "Miezis, N."]
[Black "Kazhgaleyev, M."]
[Result "1/2-1/2"]
[WhiteElo "2552"]
[BlackElo "2640"]
[PlyCount "92"]
[EventDate "2008.11.13"]
[Source "www.chesslib.no"]
[SourceDate "2004.05.04"]

1. c4 e6 2. e4 d5 3. exd5 exd5 4. d4 Nf6 5. Nf3 Nc6 6. Be2 dxc4 7. Bxc4 Bb4+ 8. Nc3 O-O 9. O-O Bg4 10. Be3 Qd6 11. Be2 Rfe8 12. Rc1 a6 13. Qd3 Bh5 14. a3 Bg6 15. Qc4 Bxc3 16. Qxc3 Nd5 17. Qd2 Qe7 18. Rfe1 Nxe3 19. fxe3 Be4 20. Bd3 Qd6 21. Ng5 Bg6 22. Bxg6 Qxg6 23. Nf3 Rad8 24. Qc2 Qxc2 25. Rxc2 f6 26. Kf2 Re7 27. Rec1 Rdd7 28. Ne1 Nd8 29. Nd3 c6 30. b4 Nf7 31. Nc5 Rd8 32. a4 Nd6 33. g4 Rde8 34. Re1 Kf7 35. Kf3 Kg6 36. Nd3 Kf7 37. Nf2 Ra8 38. Rc5 Rae8 39. h3 Kg8 40. Re2 Nf7 41. h4 Nd6 42. Re1 Rd8 43. Rec1 Rde8 44. Re1 Rd8 45. Rec1 Rde8 46. Re1 Rd8 1/2-1/2

[Event "26. Open"]
[Site "?"]
[Date "2003.07.22"]
[Round "7"]
[White "Fridman Daniel"]
[Black "Baklan Vladimir"]
[Result "1/2-1/2"]
[WhiteElo "2592"]
[BlackElo "2598"]
[PlyCount "23"]
[EventDate "2003.??.??"]
[Source "www.chesslib.no"]
[SourceDate "2004.05.04"]

1. e4 e6 2. d4 d5 3. exd5 exd5 4. Nf3 Nf6 5. Bd3 Bd6 6. O-O O-O 7. Bg5 Bg4 8. Nbd2 c6 9. c3 Nbd7 10. Qc2 Qc7 11. Rfe1 Bh5 12. Bh4 1/2-1/2

[Event "Tilburg"]
[Site "Tilburg"]
[Date "1993.??.??"]
[Round "2"]
[White "Milos, Gilberto"]
[Black "Andersson, Ulf"]
[Result "0-1"]
[WhiteElo "2565"]
[BlackElo "2625"]
[PlyCount "150"]
[EventDate "1993.11.??"]
[Source "ChessBase"]

1. e4 e6 2. d4 d5 3. Nc3 Nf6 4. exd5 exd5 5. Bg5 Be7 6. Bd3 O-O 7. Nge2 Re8 8. O-O Nbd7 9. Ng3 Nf8 10. Nf5 Bxf5 11. Bxf5 g6 12. Bh3 Nh5 13. Be3 Bg5 14. Qf3 c6 15. Na4 Bxe3 16. fxe3 Qe7 17. Rae1 Ng7 18. Nc5 Nfe6 19. Nxe6 Nxe6 20. Bxe6 Qxe6 21. Qf6 Qd7 22. Rf3 Re6 23. Qg5 Rae8 24. Ref1 R8e7 25. Rf6 Rxf6 26. Rxf6 Re4 27. Rf3 Qe8 28. h3 Re6 29. c3 Kg7 30. Kf2 b6 31. Qh4 a5 32. Qg5 Qd7 33. Kg1 h6 34. Qf4 Qe7 35. Kf2 c5 36. dxc5 bxc5 37. Kg1 h5 38. Qg3 h4 39. Qf2 f5 40. Qd2 Re5 41. c4 dxc4 42. a4 g5 43. Qxa5 Rxe3 44. Rxe3 Qxe3+ 45. Kh1 Qc1+ 46. Kh2 Qxb2 47. Qxc5 Qb8+ 48. Kg1 Qb1+ 49. Kf2 Qc2+ 50. Kf1 Qd3+ 51. Kf2 Qd2+ 52. Kf1 Qf4+ 53. Kg1 Qe4 54. a5 g4 55. hxg4 fxg4 56. Qg5+ Kf7 57. Qh5+ Ke7 58. Qxh4+ Kd7 59. Qf6 Qc6 60. Qg7+ Kd8 61. Qd4+ Kc7 62. Kf2 Kb7 63. Ke1 Ka6 64. Qxg4 c3 65. Qe2+ Kxa5 66. Kd1 Qa4+ 67. Qc2 Qd4+ 68. Kc1 Qe3+ 69. Kb1 Kb4 70. Ka2 Kc4 71. Kb1 Qb6+ 72. Kc1 Qg1+ 73. Qd1 Qe3+ 74. Kb1 Qe4+ 75. Kc1 Qf4+ 0-1

[Event "Enghien les Bains"]
[Site "Enghien les Bains"]
[Date "2001.04.19"]
[Round "8"]
[White "Fressinet, Laurent"]
[Black "Bauer, Christian"]
[Result "1/2-1/2"]
[WhiteElo "2575"]
[BlackElo "2612"]
[PlyCount "37"]
[EventDate "2001.04.11"]
[Source "ChessBase"]
[SourceDate "2001.07.05"]

1. e4 e6 2. d4 d5 3. exd5 exd5 4. Nf3 Nc6 5. Bb5 Bd6 6. c4 dxc4 7. d5 a6 8. Ba4 b5 9. dxc6 bxa4 10. O-O Ne7 11. Qxa4 O-O 12. Nbd2 Rb8 13. a3 Rb5 14. Nxc4 Nxc6 15. Bg5 f6 16. Bh4 Qe8 17. Rfe1 Qf7 18. Nxd6 cxd6 19. Nd4 1/2-1/2

[Event "RUS-Cup"]
[Site "?"]
[Date "1998.??.??"]
[Round "9"]
[White "Aleksandrov Aleksej"]
[Black "Minasian Artashes"]
[Result "1/2-1/2"]
[WhiteElo "2615"]
[BlackElo "2570"]
[PlyCount "68"]
[EventDate "1998.??.??"]
[Source "www.chesslib.no"]
[SourceDate "2004.05.04"]

1. d4 d5 2. c4 c6 3. Nc3 e5 4. e3 exd4 5. exd4 Nf6 6. Nf3 Be7 7. h3 Bf5 8. Qb3 Qb6 9. c5 Qc7 10. g4 Bg6 11. Ne5 Nbd7 12. Nxg6 hxg6 13. Bg2 Nf8 14. Ne2 Ne6 15. f4 Ne4 16. Bxe4 dxe4 17. Be3 Bh4+ 18. Kd2 O-O-O 19. Kc2 Nxc5 20. Qc4 Nd3 21. Raf1 Qb6 22. b3 Nb4+ 23. Kb1 Nd5 24. Bd2 Be7 25. f5 g5 26. Nc3 Nxc3+ 27. Bxc3 Bf6 28. Qxf7 Rxd4 29. Qe6+ Kb8 30. h4 Qa6 31. Rd1 Rxd1+ 32. Rxd1 Bxc3 33. Qd6+ Kc8 34. Qd7+ Kb8 1/2-1/2

[Event "Haifa"]
[Site "Haifa"]
[Date "1995.??.??"]
[Round "9"]
[White "Kosashvili, Yona"]
[Black "Psakhis, Lev"]
[Result "1-0"]
[WhiteElo "2560"]
[BlackElo "2625"]
[PlyCount "111"]
[EventDate "1995.01.??"]
[Source "ChessBase"]

1. e4 e6 2. d4 d5 3. exd5 exd5 4. Nf3 Nc6 5. Bb5 Bd6 6. O-O Nge7 7. c4 dxc4 8. Bxc4 O-O 9. h3 Bf5 10. Nc3 Qd7 11. a3 Ng6 12. Re1 Rae8 13. Be3 a6 14. Bf1 Qd8 15. Na4 Nh4 16. Nc5 Bxc5 17. Nxh4 Qxh4 18. dxc5 Re6 19. Qf3 Be4 20. Qg4 Qxg4 21. hxg4 Ne7 22. Bg5 Re8 23. Rad1 Bc6 24. Rxe6 fxe6 25. Bc4 Nd5 26. Bh4 Nf6 27. f3 Kf7 28. Bg3 Bd5 29. Bd3 Re7 30. g5 Nh5 31. Be5 g6 32. Bc2 Ng7 33. Ba4 c6 34. Kf2 Kg8 35. Bc2 Rf7 36. Rd4 Nf5 37. Rd2 Rd7 38. g4 Ng7 39. Ke3 Rf7 40. f4 Kf8 41. Bd1 Ne8 42. Kd4 Rd7 43. Kc3 Ke7 44. Kb4 Kd8 45. Ka5 Nc7 46. Kb6 Kc8 47. a4 Rf7 48. Bc2 Bf3 49. Bxc7 Rxc7 50. f5 Bxg4 51. f6 Rf7 52. Rd6 e5 53. Bb3 Rf8 54. Be6+ Bxe6 55. Rxe6 Kd8 56. Kxb7 1-0

[Event "Garmisch"]
[Site "Garmisch"]
[Date "1994.??.??"]
[Round "1"]
[White "Lutz, Christopher"]
[Black "Hertneck, Gerald"]
[Result "1/2-1/2"]
[WhiteElo "2580"]
[BlackElo "2605"]
[PlyCount "58"]
[EventDate "1994.??.??"]
[Source "ChessBase"]

1. e4 e6 2. d4 d5 3. Nc3 Bb4 4. exd5 exd5 5. Bd3 Nc6 6. a3 Be7 7. Be3 Be6 8. Qf3 Bf6 9. Nge2 Qd7 10. h3 g6 11. O-O-O Bg7 12. Nf4 Nge7 13. Nxe6 fxe6 14. g4 O-O-O 15. Be2 e5 16. dxe5 Bxe5 17. Bc5 Rhf8 18. Qg2 Bd6 19. Bxd6 Qxd6 20. Kb1 Qc5 21. Rhf1 Rf4 22. Bf3 Nd4 23. Rd3 c6 24. Bd1 Rdf8 25. f3 Qd6 26. Re1 g5 27. Qd2 c5 28. Rde3 Ng6 29. Re8+ Rxe8 1/2-1/2

[Event "XXIV ECC"]
[Site "Kallithea GRE"]
[Date "2008.10.19"]
[Round "3"]
[White "Bogut, Z."]
[Black "Grischuk, A."]
[Result "0-1"]
[WhiteElo "2464"]
[BlackElo "2719"]
[PlyCount "80"]
[EventDate "2008.10.17"]
[Source "www.chesslib.no"]
[SourceDate "2004.05.04"]

1. e4 e6 2. d4 d5 3. exd5 exd5 4. Nf3 Bd6 5. Bd3 Ne7 6. Bg5 Nbc6 7. c3 Bg4 8. Nbd2 Qd7 9. Nf1 f6 10. Bh4 Nf5 11. Bxf5 Bxf5 12. Bg3 O-O-O 13. Bxd6 Qxd6 14. Ne3 Ne7 15. Nxf5 Nxf5 16. O-O Rde8 17. Qd3 Qd7 18. Rae1 h5 19. Rxe8+ Rxe8 20. Re1 Nd6 21. Qg6 Rxe1+ 22. Nxe1 Qe6 23. Nd3 Qe2 24. h4 b6 25. Kh2 a5 26. a4 Kb7 27. f3 Qe3 28. b3 f5 29. Ne5 Qxc3 30. Qxg7 Qxd4 31. Qf6 Qc3 32. Qe6 Qxb3 33. Qd7 Qc3 34. Qe6 Qd4 35. Ng6 Qxa4 36. Qxd5+ Qc6 37. Qe5 a4 38. Ne7 Qc4 39. g4 fxg4 40. fxg4 a3 0-1

[Event "Alekhin Memorial"]
[Site "Moscow RUS"]
[Date "1992.??.??"]
[Round "?"]
[White "Aseev, Konstantin N"]
[Black "Epishin, Vladimir V"]
[Result "1/2-1/2"]
[WhiteElo "2560"]
[BlackElo "2620"]
[PlyCount "27"]
[EventDate "1992.??.??"]
[Source "www.chesslib.no"]
[SourceDate "2004.05.04"]

1. e4 e6 2. d4 d5 3. exd5 exd5 4. Nf3 Nf6 5. Bd3 Bd6 6. O-O O-O 7. Bg5 Bg4 8. Nbd2 Nbd7 9. c3 c6 10. Qc2 Qc7 11. Rfe1 Rfe8 12. Bh4 Bh5 13. Bg3 Bg6 14. Reb1 1/2-1/2

[Event "WJun"]
[Site "Yerevan ARM"]
[Date "2007.10.11"]
[Round "8"]
[White "Popov, Iv RUS"]
[Black "Stellwagen, D."]
[Result "1-0"]
[WhiteElo "2539"]
[BlackElo "2639"]
[PlyCount "111"]
[EventDate "2007.10.03"]
[Source "www.chesslib.no"]
[SourceDate "2004.05.04"]

1. e4 e6 2. d4 d5 3. Nc3 Bb4 4. exd5 exd5 5. Bd3 Ne7 6. Qh5 c5 7. dxc5 d4 8. a3 Qa5 9. axb4 Qxa1 10. Nce2 Nbc6 11. Nf3 Bf5 12. Bxf5 g6 13. Bxg6 fxg6 14. Qh3 Qa4 15. O-O O-O 16. Ng5 h5 17. Qe6+ Kg7 18. Nxd4 Rae8 19. b3 Qxb4 20. Nxc6 Nxc6 21. Bb2+ Kh6 22. Nf7+ Kh7 23. Qf6 Ne5 24. Bxe5 Rxe5 25. Qxe5 Rxf7 26. Rd1 Qa5 27. h4 Qc7 28. Qxc7 Rxc7 29. b4 b6 30. cxb6 axb6 31. Rd6 b5 32. Rb6 Rxc2 33. Rxb5 Rb2 34. Rb7+ Kh6 35. g3 Rb1+ 36. Kg2 Rb3 37. b5 Rb4 38. Rb8 Kg7 39. b6 Rb3 40. Rb7+ Kf6 41. Rb8 Kg7 42. Kf1 Rb2 43. Ke1 Kf7 44. Kd1 Kg7 45. Kc1 Rb5 46. Kc2 Rb4 47. Kc3 Rb1 48. Kc4 Rb2 49. f3 Rb1 50. Kc5 Rc1+ 51. Kd6 Rb1 52. f4 Rb3 53. Kc7 Rc3+ 54. Kb7 Rxg3 55. Rc8 Rg4 56. Kc6 1-0

[Event "EU-chT (Men)"]
[Site "Leon"]
[Date "2001.11.06"]
[Round "1.2"]
[White "Miezis, Normunds"]
[Black "Short, Nigel D"]
[Result "0-1"]
[WhiteElo "2501"]
[BlackElo "2675"]
[PlyCount "70"]
[EventDate "2001.11.06"]
[Source "ChessBase"]
[SourceDate "2001.02.01"]

1. c4 e6 2. e4 d5 3. exd5 exd5 4. d4 Nf6 5. Nf3 Be7 6. Nc3 O-O 7. Be2 Nc6 8. O-O Be6 9. cxd5 Nxd5 10. Bb5 Ncb4 11. Re1 a6 12. Bf1 Re8 13. Bd2 Nc6 14. h3 Bf6 15. Re4 Qd7 16. Bg5 h6 17. Bxf6 Nxf6 18. Rf4 Rad8 19. Qd2 Qe7 20. Rh4 Rd6 21. Re1 Red8 22. Bd3 Qf8 23. Rf4 Bc8 24. h4 Nh5 25. d5 Nxf4 26. Qxf4 Ne7 27. Qe4 Nf5 28. h5 c6 29. Qf4 g5 30. hxg6 fxg6 31. Ne4 Rxd5 32. Bc4 Be6 33. g4 g5 34. Nfxg5 hxg5 35. Qxg5+ Ng7 0-1